000 01054nam a22002651 4500
001 177294
003 ES-MaACL
005 20250815121258.0
008 110314s1970 sp af ||||0| spa d
080 _a74 Redondela, Agustín
080 _a75 Redondela, Agustín
100 1 _aRedondela, Agustín.
_9145630
245 1 0 _aDibujos de Redondela /
_cpor A. M. Campoy.
250 _a1ª ed.
260 _aMadrid :
_bIbérico Europea de Ediciones,
_cD. L. 1970.
300 _a[40] p. :
_bprincipalmente il. bl. y n. ;
_c31 cm.
490 1 _aMaestros contemporáneos del dibujo y la pintura ;
_v7
500 _aEncuadernado con otros títulos.
597 _aEn lomo: Opisso, Mateos, Vázquez Díaz, Joaquín Peinado, Monell, F. Iturrino, Redondela, Colmeiro, Cecilio Pla, Martínez Ortiz.
600 1 4 _aRedondela, Agustín.
_9145630
700 1 _aCampoy, A. M.,
_d1924-1993
_934292
830 0 0 _aMaestros contemporáneos del dibujo y la pintura
_v7
_9190405
852 _aES-MaACL
_jE-14686 (7)
_xOlim P-1071
999 _c177294
_d177294